<?xml version="1.0" encoding="UTF-8"?>
<collection xmlns:xsi="http://www.w3.org/2001/XMLSchema-instance" xsi:schemaLocation="http://www.loc.gov/MARC21/slim http://www.loc.gov/standards/marcxml/schema/MARC21slim.xsd" xmlns="http://www.loc.gov/MARC21/slim">
 <record>
  <leader>00000cam a22000007i 4500</leader>
  <controlfield tag="001">UP-8027390931312570165</controlfield>
  <controlfield tag="003">Buklod</controlfield>
  <controlfield tag="005">20240507142614.0</controlfield>
  <controlfield tag="006">o--- |     ||   ||</controlfield>
  <controlfield tag="007">ta</controlfield>
  <controlfield tag="008">201228s2020    xx abc  r    |000 0|eng d</controlfield>
  <datafield tag="020" ind1=" " ind2=" ">
   <subfield code="a">9784866581156 (hardcover)</subfield>
  </datafield>
  <datafield tag="020" ind1=" " ind2=" ">
   <subfield code="a">4866581158 (hardcover)</subfield>
  </datafield>
  <datafield tag="035" ind1=" " ind2=" ">
   <subfield code="a">(iLib)UPCEB-00013107808</subfield>
  </datafield>
  <datafield tag="040" ind1=" " ind2=" ">
   <subfield code="a">SYB</subfield>
   <subfield code="b">eng</subfield>
   <subfield code="c">SYB</subfield>
   <subfield code="e">rda</subfield>
   <subfield code="d">OCLCO</subfield>
   <subfield code="d">SYB</subfield>
   <subfield code="d">GZN</subfield>
   <subfield code="d">WVU</subfield>
   <subfield code="d">OCLCF</subfield>
   <subfield code="d">B6U</subfield>
   <subfield code="d">OCLCO</subfield>
   <subfield code="d">DLC</subfield>
  </datafield>
  <datafield tag="041" ind1="1" ind2=" ">
   <subfield code="a">eng</subfield>
   <subfield code="h">jpn</subfield>
  </datafield>
  <datafield tag="042" ind1=" " ind2=" ">
   <subfield code="a">lccopycat</subfield>
  </datafield>
  <datafield tag="050" ind1="0" ind2="0">
   <subfield code="a">DS849.C6</subfield>
   <subfield code="b">S9613 2020</subfield>
  </datafield>
  <datafield tag="090" ind1=" " ind2="0">
   <subfield code="a">DS849.C6</subfield>
   <subfield code="b">S86 2020</subfield>
  </datafield>
  <datafield tag="100" ind1="1" ind2=" ">
   <subfield code="a">Sunohara, Tsuyoshi</subfield>
   <subfield code="d">1961-</subfield>
   <subfield code="e">author</subfield>
   <subfield code="e">interviewer.</subfield>
  </datafield>
  <datafield tag="240" ind1="1" ind2="0">
   <subfield code="a">Anto Senkaku kokuyuka.</subfield>
   <subfield code="l">English</subfield>
  </datafield>
  <datafield tag="245" ind1="1" ind2="0">
   <subfield code="a">Fencing in the dark</subfield>
   <subfield code="b">Japan, China, and the Senkakus</subfield>
   <subfield code="c">Sunohara Tsuyoshi.</subfield>
  </datafield>
  <datafield tag="250" ind1=" " ind2=" ">
   <subfield code="a">First English edition.</subfield>
  </datafield>
  <datafield tag="264" ind1=" " ind2="1">
   <subfield code="a">Tokyo</subfield>
   <subfield code="b">Published by Japan Publishing Industry Foundation for Culture (JPIC)</subfield>
   <subfield code="c">2020.</subfield>
  </datafield>
  <datafield tag="300" ind1=" " ind2=" ">
   <subfield code="a">311 pages</subfield>
   <subfield code="b">illustrations, map, portrait</subfield>
   <subfield code="c">23 cm.</subfield>
  </datafield>
  <datafield tag="500" ind1=" " ind2=" ">
   <subfield code="a">&quot;Originally published in hardcover in 2013 under the Japanese title Anto Senkaku kokuuka&quot;--Title page verso.</subfield>
  </datafield>
  <datafield tag="500" ind1=" " ind2=" ">
   <subfield code="a">&quot;Translated by the Japan Institute of International Affairs (JIIA).&quot;--Page 4.</subfield>
  </datafield>
  <datafield tag="505" ind1="0" ind2="0">
   <subfield code="t">Strained to the breaking point --</subfield>
   <subfield code="t">The bombshell announcement --</subfield>
   <subfield code="t">Clandestine operations --</subfield>
   <subfield code="t">The summit meeting --</subfield>
   <subfield code="t">The final decision --</subfield>
   <subfield code="t">Breakout of the political battle --</subfield>
   <subfield code="g">Postscript --</subfield>
   <subfield code="t">Reflections: Was nationalizing the Senkaku Islands the right choice?</subfield>
   <subfield code="g">(interview)</subfield>
   <subfield code="r">Nagashima Akihisa and Sunohara Tsuyoshi.</subfield>
  </datafield>
  <datafield tag="520" ind1=" " ind2=" ">
   <subfield code="a">&quot;Sino-Japanese relations were seriously rattled in September 2010 when a Chinese fishing boat rammed a Japanese Coast Guard patrol ship in Japanese waters off the Senkaku Islands. This was compounded in April 2012 when Tokyo Governor Ishihara Shintaro announced that he planned to buy the islands and added, 'if this means war with China, so be it.' Alarmed at the prospect of Ishihara owning the islands, Democratic Party of Japan prime minister Noda Yoshihiko moved to see if there was some way the government could buy them instead, even knowing this would be seen as nationalization. Top officials in foreign policy, defense, and other areas met at Kantei (officially the Prime Minister's Official Residence, but actually his offices) to find an out that would pre-empt Ishihara without provoking China (which also claimed the islands). This book tells the gripping story of what happened and why.&quot;--Dust jacket.</subfield>
  </datafield>
  <datafield tag="546" ind1=" " ind2=" ">
   <subfield code="a">&quot;This book follows the Hepburn system of romanization of Japanese words. Japanese personal names are written in the conventional Japanese order: family name followed by given name.&quot;--Page 4.</subfield>
  </datafield>
  <datafield tag="648" ind1=" " ind2="7">
   <subfield code="a">Since 1989</subfield>
   <subfield code="2">fast.</subfield>
  </datafield>
  <datafield tag="650" ind1=" " ind2="0">
   <subfield code="a">Diplomatic relations.</subfield>
   <subfield code="2">fast (OCoLC)fst01907412.</subfield>
  </datafield>
  <datafield tag="650" ind1=" " ind2="0">
   <subfield code="a">International law.</subfield>
   <subfield code="2">fast (OCoLC)fst00976984.</subfield>
  </datafield>
  <datafield tag="650" ind1=" " ind2="0">
   <subfield code="a">Politics and government.</subfield>
   <subfield code="2">fast (OCoLC)fst01919741.</subfield>
  </datafield>
  <datafield tag="650" ind1="0" ind2="7">
   <subfield code="a">Nihon-Taigai kankei-Ch?ugoku.</subfield>
   <subfield code="2">jlabsh/4.</subfield>
  </datafield>
  <datafield tag="650" ind1="0" ind2="7">
   <subfield code="a">Senkaku shoto.</subfield>
   <subfield code="2">jlabsh/4.</subfield>
  </datafield>
  <datafield tag="651" ind1=" " ind2="0">
   <subfield code="a">Japan</subfield>
   <subfield code="x">Foreign relations</subfield>
   <subfield code="z">China.</subfield>
  </datafield>
  <datafield tag="651" ind1=" " ind2="0">
   <subfield code="a">China</subfield>
   <subfield code="x">Foreign relations</subfield>
   <subfield code="z">Japan.</subfield>
  </datafield>
  <datafield tag="651" ind1=" " ind2="0">
   <subfield code="a">Senkaku Islands</subfield>
   <subfield code="x">International status.</subfield>
  </datafield>
  <datafield tag="651" ind1=" " ind2="0">
   <subfield code="a">Japan</subfield>
   <subfield code="x">Politics and government</subfield>
   <subfield code="y">21st century.</subfield>
  </datafield>
  <datafield tag="651" ind1=" " ind2="0">
   <subfield code="a">Japan</subfield>
   <subfield code="x">Foreign relations</subfield>
   <subfield code="z">United States.</subfield>
  </datafield>
  <datafield tag="651" ind1=" " ind2="0">
   <subfield code="a">United States</subfield>
   <subfield code="x">Foreign relations</subfield>
   <subfield code="z">Japan.</subfield>
  </datafield>
  <datafield tag="651" ind1=" " ind2="0">
   <subfield code="a">China.</subfield>
   <subfield code="2">fast (OCoLC)fst01206073.</subfield>
  </datafield>
  <datafield tag="651" ind1=" " ind2="0">
   <subfield code="a">Japan.</subfield>
   <subfield code="2">fast (OCoLC)fst01204082.</subfield>
  </datafield>
  <datafield tag="651" ind1=" " ind2="0">
   <subfield code="a">Pacific Ocean</subfield>
   <subfield code="z">Senkaku Islands.</subfield>
   <subfield code="2">fast (OCoLC)fst01245396.</subfield>
  </datafield>
  <datafield tag="651" ind1=" " ind2="0">
   <subfield code="a">United States.</subfield>
   <subfield code="2">fast (OCoLC)fst01204155.</subfield>
  </datafield>
  <datafield tag="700" ind1="1" ind2=" ">
   <subfield code="a">Nagashima, Akihisa</subfield>
   <subfield code="d">1962-</subfield>
   <subfield code="e">interviewee.</subfield>
  </datafield>
  <datafield tag="710" ind1="2" ind2=" ">
   <subfield code="a">Nihon Kokusai Mondai Kenkyujo</subfield>
   <subfield code="e">translator.</subfield>
  </datafield>
  <datafield tag="710" ind1="2" ind2=" ">
   <subfield code="a">Shuppan Bunka Sangyo Shinko Zaidan</subfield>
   <subfield code="e">publisher.</subfield>
  </datafield>
  <datafield tag="905" ind1=" " ind2=" ">
   <subfield code="a">FO</subfield>
  </datafield>
  <datafield tag="852" ind1="0" ind2=" ">
   <subfield code="a">UPCEB</subfield>
   <subfield code="b">CEBU-LAHUG</subfield>
   <subfield code="h">DS849.C6 S86 2020</subfield>
  </datafield>
  <datafield tag="942" ind1=" " ind2=" ">
   <subfield code="a">Book</subfield>
  </datafield>
 </record>
</collection>
